Děti, penze a pojistné
Pojem detská penzia, neznamená peniaze pre deti, ale "za deti". Detská penzia predstavuje rozumný sociálno-politický projekt poskytovania starobného dôchodku rodičom s troma a viacerými deťmi. Sociálne modely a koncepcia rodinných politík.
Salvato in:
| Autore principale: | |
|---|---|
| Natura: | Capitolo di libro |
| Lingua: | ceco |
| Soggetti: | |
| Tags: |
Nessun Tag, puoi essere il primo ad aggiungerne!!
|
MARC
| LEADER | 00000naa a2200000 4500 | ||
|---|---|---|---|
| 001 | 0200300 | ||
| 005 | 20221019175425.3 | ||
| 041 | 0 | |a cze | |
| 044 | |a CZ | ||
| 245 | 1 | 0 | |a Děti, penze a pojistné |c Jaroslav Vostatek |
| 520 | |a Pojem detská penzia, neznamená peniaze pre deti, ale "za deti". Detská penzia predstavuje rozumný sociálno-politický projekt poskytovania starobného dôchodku rodičom s troma a viacerými deťmi. Sociálne modely a koncepcia rodinných politík. | ||
| 610 | 2 | 0 | |a politika sociálna |
| 610 | 2 | 0 | |a politika rodinná |
| 610 | 2 | 0 | |a modely sociálne |
| 610 | 2 | 0 | |a problémy spoločenské |
| 610 | 2 | 0 | |a systémy sociálne |
| 610 | 2 | 0 | |a systémy dôchodkové |
| 610 | 2 | 0 | |a reformy |
| 100 | 1 | |a Vostatek, Jaroslav | |